000
00263nam a22001217a 4500
008
171018b xxu||||| |||| 00| 0 eng d
041
_a
eng
080
_a
338
100
_a
53
101
_a
MEN
245
_a
STRESS MANAGEMENT
_c
CHARLESWORTH,E.A
942
_2
udc
_c
BK
999
_c
34769
_d
34769